00487 2200181 4500001002100000008004100021035002000062245006400082100001500146250002000161260003000181300002000211020001800231084001900249082001300268650001500281990000900296INLIS000000000001283 ind  a0010-0425001283 aEnsiklopedia Anak Islam 1bAbu Hurairah - BadarcNurhasanah aNurhasanah aCetakan pertama bPT Rehal Republika,c2012 a76 hlm.c26 cm. a979-694-968-7 a030.1431 NUR e a030.1431 aNurhasanah a4127